Normal view
MARC view
- Christ, Carol T. (ed.)
Entry Personal Name
001 - CONTROL NUMBER
- control field: 45945
003 - CONTROL NUMBER IDENTIFIER
- control field: NUST
005 - DATE AND TIME OF LATEST TRANSACTION
- control field: 20210314133359.0
008 - FIXED-LENGTH DATA ELEMENTS
- fixed length control field: 210314|| aca||aabn | a|a d
040 ## - CATALOGING SOURCE
- Original cataloging agency: NUST
- Transcribing agency: NUST
100 ## - HEADING--PERSONAL NAME
- Personal name: Christ, Carol T. (ed.)
670 ## - SOURCE DATA FOUND
- Source citation: Work cat.: (NUST): Eliot, George. 349, The Mill on The Floss:, 1962
